<?xml version="1.0" encoding="UTF-8"?>
<record
    xmlns:xsi="http://www.w3.org/2001/XMLSchema-instance"
    xsi:schemaLocation="http://www.loc.gov/MARC21/slim http://www.loc.gov/standards/marcxml/schema/MARC21slim.xsd"
    xmlns="http://www.loc.gov/MARC21/slim">

  <leader>00629nam a22001577a 4500</leader>
  <controlfield tag="003">OSt</controlfield>
  <controlfield tag="005">20151130144333.0</controlfield>
  <controlfield tag="008">151130b        xxu||||| |||| 00| 0 eng d</controlfield>
  <datafield tag="040" ind1=" " ind2=" ">
    <subfield code="c">RUA</subfield>
  </datafield>
  <datafield tag="082" ind1=" " ind2=" ">
    <subfield code="a">FIS RAT 1999 B169 Or.1</subfield>
  </datafield>
  <datafield tag="100" ind1=" " ind2=" ">
    <subfield code="9">4030</subfield>
    <subfield code="a">RATH, REASEY.</subfield>
  </datafield>
  <datafield tag="245" ind1=" " ind2=" ">
    <subfield code="a">Trap pond mapping in tramkak district takeo province, &#x1780;&#x17B6;&#x179A;&#x1792;&#x17D2;&#x179C;&#x17BE;&#x1795;&#x17C2;&#x1793;&#x1791;&#x17B8;&#x1780;&#x17C6;&#x178E;&#x178F;&#x17CB;&#x178F;&#x17C6;&#x1794;&#x1793;&#x17CB;&#x179F;&#x17C6;&#x1794;&#x17BC;&#x179A;&#x178F;&#x17D2;&#x179A;&#x17B8; &#x1793;&#x17B7;&#x1784;&#x1781;&#x17D2;&#x179F;&#x178F;&#x17CB;&#x178F;&#x17D2;&#x179A;&#x17B8;&#x1780;&#x17D2;&#x1793;&#x17BB;&#x1784;&#x179F;&#x17D2;&#x179A;&#x17BB;&#x1780;&#x178F;&#x17D2;&#x179A;&#x17B6;&#x17C6;&#x1780;&#x1780;&#x17CB; &#x1781;&#x17C1;&#x178F;&#x17D2;&#x178F;&#x178F;&#x17B6;&#x1780;&#x17C2;&#x179C;</subfield>
  </datafield>
  <datafield tag="260" ind1=" " ind2=" ">
    <subfield code="a">Phnom Penh</subfield>
    <subfield code="b">RUA</subfield>
    <subfield code="c">1999</subfield>
  </datafield>
  <datafield tag="300" ind1=" " ind2=" ">
    <subfield code="a">42p.</subfield>
    <subfield code="b">ill.</subfield>
    <subfield code="c">29cm.</subfield>
  </datafield>
  <datafield tag="942" ind1=" " ind2=" ">
    <subfield code="2">ddc</subfield>
    <subfield code="c">FIS</subfield>
  </datafield>
  <datafield tag="999" ind1=" " ind2=" ">
    <subfield code="c">3749</subfield>
    <subfield code="d">3749</subfield>
  </datafield>
  <datafield tag="952" ind1=" " ind2=" ">
    <subfield code="0">0</subfield>
    <subfield code="1">0</subfield>
    <subfield code="2">ddc</subfield>
    <subfield code="4">0</subfield>
    <subfield code="6">FIS_RAT_1999_000000000000000_B169_OR_1</subfield>
    <subfield code="7">0</subfield>
    <subfield code="9">18813</subfield>
    <subfield code="a">LBB</subfield>
    <subfield code="b">LBB</subfield>
    <subfield code="c">B169</subfield>
    <subfield code="d">2015-11-30</subfield>
    <subfield code="o">FIS RAT 1999 B169 Or.1</subfield>
    <subfield code="p">RUA027167</subfield>
    <subfield code="r">2015-11-30</subfield>
    <subfield code="w">2015-11-30</subfield>
    <subfield code="y">FIS</subfield>
  </datafield>
  <datafield tag="952" ind1=" " ind2=" ">
    <subfield code="0">0</subfield>
    <subfield code="1">0</subfield>
    <subfield code="2">ddc</subfield>
    <subfield code="4">0</subfield>
    <subfield code="6">FIS_RAT_1999_000000000000000_B169_OR_2</subfield>
    <subfield code="7">0</subfield>
    <subfield code="9">18814</subfield>
    <subfield code="a">LBB</subfield>
    <subfield code="b">LBB</subfield>
    <subfield code="c">B169</subfield>
    <subfield code="d">2015-11-30</subfield>
    <subfield code="o">FIS RAT 1999 B169 Or.2</subfield>
    <subfield code="p">RUA027095</subfield>
    <subfield code="r">2015-11-30</subfield>
    <subfield code="w">2015-11-30</subfield>
    <subfield code="y">FIS</subfield>
  </datafield>
  <datafield tag="952" ind1=" " ind2=" ">
    <subfield code="0">0</subfield>
    <subfield code="1">0</subfield>
    <subfield code="2">ddc</subfield>
    <subfield code="4">0</subfield>
    <subfield code="6">FIS_RAT_1999_000000000000000_B169_OR_3</subfield>
    <subfield code="7">0</subfield>
    <subfield code="9">18815</subfield>
    <subfield code="a">LBB</subfield>
    <subfield code="b">LBB</subfield>
    <subfield code="c">B169</subfield>
    <subfield code="d">2015-11-30</subfield>
    <subfield code="o">FIS RAT 1999 B169 Or.3</subfield>
    <subfield code="p">RUA027014</subfield>
    <subfield code="r">2015-11-30</subfield>
    <subfield code="w">2015-11-30</subfield>
    <subfield code="y">FIS</subfield>
  </datafield>
  <datafield tag="952" ind1=" " ind2=" ">
    <subfield code="0">0</subfield>
    <subfield code="1">0</subfield>
    <subfield code="2">ddc</subfield>
    <subfield code="4">0</subfield>
    <subfield code="6">FIS_RAT_1999_000000000000000_B169_OR_4</subfield>
    <subfield code="7">0</subfield>
    <subfield code="9">18816</subfield>
    <subfield code="a">LBB</subfield>
    <subfield code="b">LBB</subfield>
    <subfield code="c">B169</subfield>
    <subfield code="d">2015-11-30</subfield>
    <subfield code="o">FIS RAT 1999 B169 Or.4</subfield>
    <subfield code="p">RUA027382</subfield>
    <subfield code="r">2015-11-30</subfield>
    <subfield code="w">2015-11-30</subfield>
    <subfield code="y">FIS</subfield>
  </datafield>
  <datafield tag="952" ind1=" " ind2=" ">
    <subfield code="0">0</subfield>
    <subfield code="1">0</subfield>
    <subfield code="2">ddc</subfield>
    <subfield code="4">0</subfield>
    <subfield code="6">FIS_RAT_1999_000000000000000_B169_OR_5</subfield>
    <subfield code="7">0</subfield>
    <subfield code="9">18817</subfield>
    <subfield code="a">LBB</subfield>
    <subfield code="b">LBB</subfield>
    <subfield code="c">B169</subfield>
    <subfield code="d">2015-11-30</subfield>
    <subfield code="o">FIS RAT 1999 B169 Or.5</subfield>
    <subfield code="p">RUA027310</subfield>
    <subfield code="r">2015-11-30</subfield>
    <subfield code="w">2015-11-30</subfield>
    <subfield code="y">FIS</subfield>
  </datafield>
  <datafield tag="952" ind1=" " ind2=" ">
    <subfield code="0">0</subfield>
    <subfield code="1">0</subfield>
    <subfield code="2">ddc</subfield>
    <subfield code="4">0</subfield>
    <subfield code="6">FIS_RAT_1999_000000000000000_B169_OR_6</subfield>
    <subfield code="7">0</subfield>
    <subfield code="9">18818</subfield>
    <subfield code="a">LBB</subfield>
    <subfield code="b">LBB</subfield>
    <subfield code="c">B169</subfield>
    <subfield code="d">2015-11-30</subfield>
    <subfield code="o">FIS RAT 1999 B169 Or.6</subfield>
    <subfield code="p">RUA026875</subfield>
    <subfield code="r">2015-11-30</subfield>
    <subfield code="w">2015-11-30</subfield>
    <subfield code="y">FIS</subfield>
  </datafield>
  <datafield tag="952" ind1=" " ind2=" ">
    <subfield code="0">0</subfield>
    <subfield code="1">0</subfield>
    <subfield code="2">ddc</subfield>
    <subfield code="4">0</subfield>
    <subfield code="6">FIS_RAT_1999_000000000000000_B169_OR_7</subfield>
    <subfield code="7">0</subfield>
    <subfield code="9">18819</subfield>
    <subfield code="a">LBB</subfield>
    <subfield code="b">LBB</subfield>
    <subfield code="c">B169</subfield>
    <subfield code="d">2015-11-30</subfield>
    <subfield code="o">FIS RAT 1999 B169 Or.7</subfield>
    <subfield code="p">RUA027238</subfield>
    <subfield code="r">2015-11-30</subfield>
    <subfield code="w">2015-11-30</subfield>
    <subfield code="y">FIS</subfield>
  </datafield>
  <datafield tag="952" ind1=" " ind2=" ">
    <subfield code="0">0</subfield>
    <subfield code="1">0</subfield>
    <subfield code="2">ddc</subfield>
    <subfield code="4">0</subfield>
    <subfield code="6">FIS_RAT_1999_000000000000000_B169_OR_8</subfield>
    <subfield code="7">0</subfield>
    <subfield code="9">18820</subfield>
    <subfield code="a">LBB</subfield>
    <subfield code="b">LBB</subfield>
    <subfield code="c">B169</subfield>
    <subfield code="d">2015-11-30</subfield>
    <subfield code="o">FIS RAT 1999 B169 Or.8</subfield>
    <subfield code="p">RUA027166</subfield>
    <subfield code="r">2015-11-30</subfield>
    <subfield code="w">2015-11-30</subfield>
    <subfield code="y">FIS</subfield>
  </datafield>
  <datafield tag="952" ind1=" " ind2=" ">
    <subfield code="0">0</subfield>
    <subfield code="1">0</subfield>
    <subfield code="2">ddc</subfield>
    <subfield code="4">0</subfield>
    <subfield code="6">FIS_RAT_1999_000000000000000_B169_OR_9</subfield>
    <subfield code="7">0</subfield>
    <subfield code="9">18821</subfield>
    <subfield code="a">LBB</subfield>
    <subfield code="b">LBB</subfield>
    <subfield code="c">B169</subfield>
    <subfield code="d">2015-11-30</subfield>
    <subfield code="o">FIS RAT 1999 B169 Or.9</subfield>
    <subfield code="p">RUA027094</subfield>
    <subfield code="r">2015-11-30</subfield>
    <subfield code="w">2015-11-30</subfield>
    <subfield code="y">FIS</subfield>
  </datafield>
  <datafield tag="952" ind1=" " ind2=" ">
    <subfield code="0">0</subfield>
    <subfield code="1">0</subfield>
    <subfield code="2">ddc</subfield>
    <subfield code="4">0</subfield>
    <subfield code="6">FIS_RAT_1999_000000000000000_B169_OR_10</subfield>
    <subfield code="7">0</subfield>
    <subfield code="9">18822</subfield>
    <subfield code="a">LBB</subfield>
    <subfield code="b">LBB</subfield>
    <subfield code="c">B169</subfield>
    <subfield code="d">2015-11-30</subfield>
    <subfield code="o">FIS RAT 1999 B169 Or.10</subfield>
    <subfield code="p">RUA027016</subfield>
    <subfield code="r">2015-11-30</subfield>
    <subfield code="w">2015-11-30</subfield>
    <subfield code="y">FIS</subfield>
  </datafield>
  <datafield tag="952" ind1=" " ind2=" ">
    <subfield code="0">0</subfield>
    <subfield code="1">0</subfield>
    <subfield code="2">ddc</subfield>
    <subfield code="4">0</subfield>
    <subfield code="6">FIS_RAT_1999_000000000000000_B169_OR_11</subfield>
    <subfield code="7">0</subfield>
    <subfield code="9">18823</subfield>
    <subfield code="a">LBB</subfield>
    <subfield code="b">LBB</subfield>
    <subfield code="c">B169</subfield>
    <subfield code="d">2015-11-30</subfield>
    <subfield code="o">FIS RAT 1999 B169 Or.11</subfield>
    <subfield code="p">RUA026695</subfield>
    <subfield code="r">2015-11-30</subfield>
    <subfield code="w">2015-11-30</subfield>
    <subfield code="y">FIS</subfield>
  </datafield>
</record>
